Najtrudniejszy quiz geograficzny - Statystyki

Ogólne statystyki
  • Ten quiz został rozwiązany 39 razy
  • Średni wynik to 13 z 30
Statystyki odpowiedzi
Pytanie Odpowiedź % Poprawnych
Które państwo ma najwięcej sąsiadów lądowych na świecie? Chiny | Rosja
96%
Największa wyspa świata (nie kontynent)? Grenlandia
86%
Jedyna flaga, która nie jest czworokątem? Nepal
79%
Najmniejsze państwo świata? Watykan
79%
Która rzeka przepływa przez największą liczbę państw? Dunaj
75%
Który kraj ma najwięcej stref czasowych (z terytoriami)? Francja
75%
Najbardziej wysunięta na północ stolica świata? Reykjavík
75%
Najgłębsze jezioro świata? Jezioro Bajkał
71%
Kraj z największą liczbą wysp? Szwecja
68%
Najbardziej wysunięta na zachód stolica Europy Lizbona
61%
Kraj całkowicie otoczony przez RPA? Lesotho
57%
Największa pustynia świata Antarktyda
54%
Najdłuższa linia brzegowa? Kanada
54%
Jakie jest jedyne państwo graniczące tylko z dwoma krajami i bez dostępu do morza w Europie? Liechtenstein
50%
Najwyżej położona stolica świata? La Paz
46%
Największe jezioro świata Morze Kaspijskie
46%
Stolica konstytucyjna Boliwii? Sucre
39%
Pierwsza stolica Australii? Melbourne
36%
Stolica europejska najbliżej równika? Ateny
29%
Najmniej ludne państwo Afryki? Seszele
29%
Kraj leżący na czterech półkulach? Kiribati
25%
Największy kraj bez rzek stałych? Arabia Saudyjska
18%
Najmniej odwiedzany kraj świata Tuvalu
14%
Kraj z największą liczbą języków urzędowych? Boliwia
11%
Największe miasto świata bez rzeki? Lima
11%
Najbardziej odizolowane zamieszkane miejsce świata? Tristan da Cunha
4%
Jak nazywa się stolica najrzadziej zaludnionego państwa świata? Yaren (de facto)
4%
Największa delta rzeczna świata? Delta Gangesu i Brahmaputry
0%
Najbardziej na południe wysunięty punkt Ameryki Południowej (ląd stały)? Przylądek Froward
0%
Największa wyspa na jeziorze? Wyspa Manitoulin
0%
Nie znaleziono quizów pasujących do podanych kryteriów
Rozkład punktacji
Procent ludzi z każdym wynikiem
Percentyl według liczby udzielonych odpowiedzi
Twoja historia wyników
Nie rozwiązałeś tego quizu